|
|
|
|
| LEADER |
01450nam a2200361 a 4500 |
| 001 |
32618 |
| 003 |
BD-DhAAL |
| 005 |
20211115131241.0 |
| 008 |
180109t1996 ctuab b 001 0 eng |
| 999 |
|
|
|c 38931
|d 38931
|
| 010 |
|
|
|a 97224901
|
| 020 |
|
|
|a 0300064705 (alk. paper)
|
| 040 |
|
|
|a DLC
|c DLC
|d BD-DhAAL
|
| 043 |
|
|
|a aw-----
|
| 050 |
0 |
0 |
|a N5345
|b .F7 1996b
|
| 082 |
|
|
|a 709.3
|2 20
|
| 100 |
1 |
|
|a Frankfort, Henri,
|d 1897-1954.
|9 24533
|
| 245 |
1 |
4 |
|a The art and architecture of the ancient Orient /
|c Henri Frankfort.
|
| 250 |
|
|
|a Fifth edition /
|b with supplementary notes and additional bibliography and abbreviations by Michael Roaf and Donald Matthews.
|
| 260 |
|
|
|a New Haven :
|b Yale University Press,
|c c1996.
|
| 300 |
|
|
|a 483 pages :
|b illustrations, maps ;
|c 21 cm.
|
| 440 |
|
0 |
|a Yale University Press Pelican history of art
|9 24534
|
| 504 |
|
|
|a Includes bibliographical references and index.
|
| 526 |
|
|
|a AAL
|
| 541 |
|
|
|a Development Book Agency
|e 32618
|
| 650 |
|
0 |
|a Art, Ancient
|z Middle East.
|9 24535
|
| 650 |
|
0 |
|a Art
|z Middle East.
|9 24536
|
| 650 |
|
0 |
|a Architecture.
|9 42668
|
| 700 |
1 |
|
|a Roaf, Michael.
|9 24537
|
| 700 |
1 |
|
|a Matthews, Donald.
|9 24538
|
| 852 |
|
|
|a Ayesha Abed Library
|c General Stacks
|
| 942 |
|
|
|2 ddc
|c BK
|
| 952 |
|
|
|0 0
|1 0
|2 ddc
|4 0
|6 709_300000000000000_FRA
|7 0
|9 62475
|a BRACUL
|b BRACUL
|c GEN
|d 2018-01-08
|e Development Book Agency
|g 5255.00
|l 1
|o 709.3 FRA
|p 3010032618
|r 2021-12-23
|s 2021-12-15
|t 1
|v 5255.00
|w 2018-01-08
|y BK
|